| 000 | 00533nam a22001817a 4500 | ||
|---|---|---|---|
| 999 |
_c190302 _d190302 |
||
| 005 | 20220721155417.0 | ||
| 010 | _aENG-133817 | ||
| 020 |
_c285.00 _a9789390082179 |
||
| 035 | _aEN-117349 | ||
| 037 | _bDBAD/PUB | ||
| 082 | _a378.007 | ||
| 100 | _aTholappan .A | ||
| 245 |
_aKnowledge and Curriculum/ _cA. Tholappan |
||
| 260 |
_aTamil Nadu, _bShanlax Publication _c2020 |
||
| 270 |
_a61, 66 T.P.K Main Road Vasantha Nagar _bTamil Nadu |
||
| 300 |
_a222p. _c23cm(pbk) _bpreface |
||
| 942 |
_2ddc _cEN _h378.007 _mTHO |
||